Oglasi Biblioteke Matice srpske 1868-1918

Bibliographic Details
Format: Book
Language:Serbian
PhysicalDescription:xvi, 140 s., [16] s. text. príl. 24 cm
Published: Novi Sad Biblioteka Matice srpske 2013
ISBN:9788680061481 (viaz.)
Series:Katalog posebnih zbirki Biblioteke Matice srpske
Subjects:

MARC

LEADER 00000nam a2200000 a 4500
001 vtls010582175
003 SK-MaSNL
005 20260301133656.0
008 160429s2013 rb o f c 001 0 srp
020 |a 9788680061481 (viaz.) 
040 |a SNK  |b slo  |c SNK  |e AACR2 
041 0 |a srp 
043 |a e-rb--- 
044 |a rb  |c RS 
072 7 |a 094.5  |x Tlače (19. stor.)  |2 konspekt 
072 7 |a 01  |x Bibliografia. Katalógy  |2 konspekt 
080 |a 026/027  |2 2001 
080 |a 025  |2 2001 
080 |a 025.17  |2 2001 
080 |a (497.11)  |2 2001 
080 |a 016  |2 2001  |2 2001 
080 |a (083.82)  |2 2001 
245 0 0 |a Oglasi Biblioteke Matice srpske  |b 1868-1918  |c [glavni urednik Miro Vuksanović] 
260 |a Novi Sad  |b Biblioteka Matice srpske  |c 2013 
300 |a xvi, 140 s., [16] s. text. príl.  |c 24 cm 
490 1 |a Katalog posebnih zbirki Biblioteke Matice srpske ;  |v knj. 1 
504 |a Registre 
610 2 7 |a Matica srpska (Nový Sad, Srbsko).  |b Biblioteka  |2 SNKKA  |9 215396 
648 7 |a 19. stor.  |2 SNKPH  |9 278793 
648 7 |a 1868-1918  |2 SNKPH  |9 357954 
648 7 |a 19th century  |2 SNKPHeng  |9 306372 
650 0 7 |a knižnice  |2 SNKPH  |9 17965 
650 0 7 |a knižničné fondy  |2 SNKPH  |9 1300 
650 0 7 |a špeciálne dokumenty  |2 SNKPH  |9 64191 
650 0 7 |a Libraries  |2 SNKPHeng  |9 266251 
650 0 7 |a Library collections  |2 SNKPHeng  |9 302779 
650 0 7 |a Special collections in libraries  |2 SNKPHeng  |9 486457 
651 7 |a Nový Sad (Srbsko)  |2 SNKPH  |9 69894 
651 7 |a Novi Sad (Serbia)  |2 SNKPHeng  |9 422069 
655 7 |a špeciálne bibliografie  |2 SNKPH  |9 265391 
655 7 |a Special bibliography  |2 SNKPHeng  |9 316550 
655 7 |a katalógy  |2 SNKPH  |9 60821 
655 7 |a Catalogs  |2 SNKPHeng  |9 266059 
700 1 |a Vuksanović, Miro,  |d 1944-  |4 lso  |9 331626 
830 0 |a Katalog posebnih zbirki Biblioteke Matice srpske  |9 486458 
919 |a 978-86-80061-48-1 
999 |c 754394  |d 756324 
952 |a SNK  |b SNK  |y VYP  |7 0  |p 17A1107122  |o snkIC 139883/1868-1918  |i snk2014/7896  |8 2  |g 6.00  |0 0  |1 0  |4 0  |d 2014-03-12  |l 0  |r 2026-02-23 23:44:38  |w 2026-02-23